Geography Quiz

Random Geography or City Quiz
Score 0/30 Timer 06:00
3 Plays Today
Category City % Correct
Silicon ValleySAN JOSE
94.4%
Latin American CapitalsQUITO
91.4%
Latin American CapitalsHAVANA
91.1%
Winter Olympic Host CitiesOSLO
90.6%
Winter Olympic Host CitiesSALT LAKE CITY
90.2%
NATO Summit CitiesWARSAW
87.7%
Latin American CapitalsPANAMA CITY
87.7%
Levant CitiesGAZA
87.4%
Levant CitiesBAGHDAD
83.6%
Down UnderGOLD COAST
80.8%
NATO Summit CitiesBRUSSELS
79.9%
Silicon ValleySANTA CLARA
76.3%
Winter Olympic Host CitiesSOCHI
75.1%
Latin American CapitalsMONTEVIDEO
74.2%
Latin American CapitalsSANTIAGO
73.5%
Category City % Correct
Silicon ValleyPALO ALTO
73.4%
Down UnderADELAIDE
70.7%
Levant CitiesBEIRUT
68.1%
Levant CitiesDAMASCUS
68%
Winter Olympic Host CitiesCALGARY
65.1%
Down UnderMELBOURNE
64.8%
NATO Summit CitiesPRAGUE
64.1%
Down UnderCANBERRA
62.6%
Silicon ValleyMOUNTAIN VIEW
61.2%
Down UnderBRISBANE
53.5%
Winter Olympic Host CitiesSARAJEVO
51.4%
NATO Summit CitiesWASHINGTON
49.5%
NATO Summit CitiesISTANBUL
39.9%
Levant CitiesALEPPO
31.8%
Silicon ValleyCUPERTINO
19.1%
Remove Ads.
Support Sporcle.
Get the best of Sporcle when you Go Orange. This ad-free experience offers more features, more stats, and more fun while also helping to support Sporcle. Thank you for becoming a member.

You're not logged in!

Compare scores with friends on all Sporcle quizzes.
OR
Log In

Show Comments

Extras

Top Quizzes Today


Score Distribution

Your Account Isn't Verified!

In order to create a playlist on Sporcle, you need to verify the email address you used during registration. Go to your Sporcle Settings to finish the process.

Report this User

Report this user for behavior that violates our Community Guidelines.

Details: